The coffee paradox: Global markets, commodity trade and the elusive promise of development (Record no. 42627)

MARC details
000 -LEADER
fixed length control field 00463nam a2200157Ia 4500
020 ## - INTERNATIONAL STANDARD BOOK NUMBER
ISBN 1842774573
082 ## - DEWEY DECIMAL CLASSIFICATION NUMBER
Classification number 339.1:633.73
Item number DAV
100 ## - MAIN ENTRY--AUTHOR NAME
Personal name Daviron, Benoit
245 #4 - TITLE STATEMENT
Title The coffee paradox: Global markets, commodity trade and the elusive promise of development
260 ## - PUBLICATION, DISTRIBUTION, ETC. (IMPRINT)
Place of publication London
Name of publisher Zed Books
Year of publication 2005
650 ## - SUBJECT ADDED ENTRY--TOPICAL TERM
Topical Term Coffee trade
650 ## - SUBJECT ADDED ENTRY--TOPICAL TERM
Topical Term Global value chain
700 ## - ADDED ENTRY--PERSONAL NAME
Personal name Ponte, Stefano
942 ## - ADDED ENTRY ELEMENTS (KOHA)
Koha item type Books
Holdings
Withdrawn status Lost status Damaged status Not for loan Home library Current library Date acquired Cost, normal purchase price Full call number Accession Number Koha item type
        RRII Library RRII Library 16/12/2021 16.99 339.1:633.73 DAV 22896 Books